000 00729nam a2200205Ii 4500
003 JO-AjNU
008 230605s9999||||xx |||||||||||||| ||und||
040 _aJO-AjNU
_bara
_erda
_cJO-AjNU
041 _aara
050 1 4 _aBP148 1987
100 3 _aالنورسي،سعيد ، ترجمة: احسان قاسم الصالحي ، اخراج الاحاديث: فلاح عبد الرحمن عبد الله,
_eauthor
_98604
245 0 0 _aالإجتهاد في العصر الحاضر
250 _aط1
264 3 1 _aبغداد: المؤلف، 1987
300 _a79ص
336 _atext
_btxt
_2rdacontent
337 _aunmediated
_bn
_2rdamedia
338 _avolume
_bnc
_2rdacarrier
650 4 _aالاجتهاد- الاسلام
_98605
999 _aA874
_c4442
_d4442